000 00743nam a2200193 i 4500
001 152205
003 ES-MaACL
005 20230906204558.0
008 011119s1860 sp |||| | spa d
080 _a821.134.2-14"18"
100 1 _aBlanco Herrero, Miguel.
_929266
245 1 3 _aLa Atlántida :
_bpoema /
_cpor D. M. Blanco Herrero.
260 _aMadrid :
_b[s.n.],
_c1860 (
_fImp. de C. González)
300 _aVII, 45 p. ;
_c21 cm.
530 _aDisponible en formato digital.
594 _aPrecede al tít.: La guerra de África.
852 4 _aES-MaACL
_jT-57-F-6
_z- Enc. hol., falto de cub. original
_z- Enc. en un vol. facticio
856 4 _uhttp://bdh-rd.bne.es/viewer.vm?id=0000240729&page=1
_zBiblioteca Digital Hispánica
999 _c152205
_d152205